Nuevos senderos en el estudio de la adquisición de lenguas mesoamericanas : (Record no. 161645)

MARC details
000 -LEADER
fixed length control field 00903nam a22002057a 4500
005 - DATE AND TIME OF LATEST TRANSACTION
control field 20220425112132.0
008 - FIXED-LENGTH DATA ELEMENTS--GENERAL INFORMATION
fixed length control field 220425b mx ||||| |||| 00| 0 spa d
020 ## - INTERNATIONAL STANDARD BOOK NUMBER
International Standard Book Number 9786074862027
050 04 - LIBRARY OF CONGRESS CALL NUMBER
Classification number F1434.2.L36
Item number N84 2013
245 00 - TITLE STATEMENT
Title Nuevos senderos en el estudio de la adquisición de lenguas mesoamericanas :
Remainder of title estructura, narrativa y socialización /
Statement of responsibility, etc Lourdes de León Pasquel, (coordinadora)
250 ## - EDITION STATEMENT
Edition statement Primera edición
260 ## - PUBLICATION, DISTRIBUTION, ETC. (IMPRINT)
Place of publication, distribution, etc México :
Name of publisher, distributor, etc Centro de Investigaciones y Estudios Superiores en Antropología,
Date of publication, distribution, etc 2013
300 ## - PHYSICAL DESCRIPTION
Extent 319 p. ;
Other physical details ilustraciones, gráficas,
Dimensions 23 cm.
490 0# - SERIES STATEMENT
Series statement Publicaciones de la Casa Chata
650 #7 - SUBJECT ADDED ENTRY--TOPICAL TERM
Source of heading or term lemb
Topical term or geographic name as entry element Indios de América Central
General subdivision Lenguas
-- Adquisición
650 #7 - SUBJECT ADDED ENTRY--TOPICAL TERM
Source of heading or term lemb
Topical term or geographic name as entry element Niños indígenas
Geographic subdivision América Central
General subdivision Lenguaje
650 #7 - SUBJECT ADDED ENTRY--TOPICAL TERM
Source of heading or term lemb
Topical term or geographic name as entry element Adquisición del lenguaje
700 1# - ADDED ENTRY--PERSONAL NAME
Personal name León Pasquel, Lourdes de,
Relator term coordinador
942 ## - ADDED ENTRY ELEMENTS (KOHA)
Source of classification or shelving scheme Biblioteca del Cogreso de los Estados Unidos
Koha item type Libro
Holdings
Estado de pérdida Fuente de clasificación Estado del daño No para préstamo Ubicación permanente Ubicación actual Apartado o colección Fecha de adquisición Edición Dependencia de educación superior (DES) Área del conocimiento Total Checkouts Clasificación Código de Barras Date last seen Número de copia Costo por reposición Tipo de recurso
  Biblioteca del Cogreso de los Estados Unidos     Biblioteca del Instituto de Investigaciones Históricas Biblioteca del Instituto de Investigaciones Históricas General 25/04/2022 1a ed. Humanidades Ciencias Sociales y Administrativas   F1434.2.L36 N84 2013 IIH000032424 25/04/2022 C:1 1.00 Libro